[Event "Foment Martinenc op-C 16th"]
[Site "Barcelona"]
[Date "2014.05.17"]
[Round "4"]
[White "Povill Claros, Laura"]
[Black "Fernandez Macarron, Mariano"]
[Result "0-1"]
[WhiteElo "1796"]
[BlackElo "1750"]
[PlyCount "56"]
[EventDate "2014.04.26"]
[EventType "swiss"]
[EventRounds "9"]
[EventCountry "ESP"]
[SourceTitle "EXT 2015"]
[Source "ChessBase"]
[SourceDate "2014.11.20"]
[SourceVersion "1"]
[SourceVersionDate "2014.11.20"]
[SourceQuality "1"]

1. e4 c5 2. d4 cxd4 3. c3 Nc6 4. cxd4 e6 5. Nc3 Bb4 6. Nf3 Nf6 7. Bd3 d5 8. Qe2 dxe4 9. Bxe4 0-0 10. Bxc6 bxc6 11. Qc4 Qb6 12. Bd2 Ba6 13. Qb3 Rab8 14. Qc2 Bxc3 15. Bxc3 Nd5 16. b3 Qb5 17. Bb2 Qb4+ 18. Nd2 Rfc8 19. a3 Qb5 20. 0-0-0 c5 21. Kb1 cxd4 22. Qe4 Nc3+ 23. Bxc3 dxc3 24. Qc2 cxd2 25. Qxd2 Qxb3+ 26. Ka1 Qxa3+ 27. Qa2 Qc3+ 28. Qb2 Qxb2# 0-1

[Event "Foment Martinenc op-C 16th"]
[Site "Barcelona"]
[Date "2014.05.10"]
[Round "3"]
[White "Bada Navarro, Ariadna"]
[Black "Povill Claros, Laura"]
[Result "1-0"]
[WhiteElo "1764"]
[BlackElo "1796"]
[PlyCount "95"]
[EventDate "2014.04.26"]
[EventType "swiss"]
[EventRounds "9"]
[EventCountry "ESP"]
[SourceTitle "EXT 2015"]
[Source "ChessBase"]
[SourceDate "2014.11.20"]
[SourceVersion "1"]
[SourceVersionDate "2014.11.20"]
[SourceQuality "1"]

1. e4 c5 2. Nf3 Nc6 3. d4 cxd4 4. Nxd4 g6 5. Nc3 Bg7 6. Be3 Nf6 7. Bc4 Qa5 8. 0-0 d6 9. h3 Bd7 10. Bb3 0-0 11. Re1 Rac8 12. Nf3 Qa6 13. Qd2 b5 14. a3 Qb7 15. Bh6 a5 16. Bxg7 Kxg7 17. Nd5 e6 18. Nxf6 Kxf6 19. Qxd6 Kg7 20. Rad1 Rcd8 21. Qf4 Qc8 22. Rd3 Be8 23. Red1 Rxd3 24. Rxd3 a4 25. Ba2 b4 26. Qd2 Qb8 27. Rd6 h5 28. Bc4 Rh8 29. axb4 Qxb4 30. Qxb4 Nxb4 31. c3 Nc2 32. Bd3 Na1 33. Nd2 e5 34. Rb6 Kh6 35. Bb5 Nc2 36. Rb8 a3 37. bxa3 Nxa3 38. Rxe8 Rxe8 39. Bxe8 Kg7 40. f3 Kf8 41. Ba4 f6 42. Kf2 h4 43. c4 Ke7 44. Ke3 Kd6 45. Kd3 Kc5 46. Kc3 g5 47. Kb3 Nxc4 48. Nxc4 1-0

[Event "Foment Martinenc op-B 15th"]
[Site "Barcelona"]
[Date "2013.06.08"]
[Round "8"]
[White "Povill Claros, Laura"]
[Black "Orts Gonzalez, Rafael"]
[Result "1/2-1/2"]
[WhiteElo "1364"]
[BlackElo "1254"]
[PlyCount "129"]
[EventDate "2013.04.20"]
[EventType "swiss"]
[EventRounds "9"]
[EventCountry "ESP"]
[SourceTitle "CBM 154 Extra"]
[Source "ChessBase"]
[SourceDate "2013.06.25"]
[SourceVersion "2"]
[SourceVersionDate "2013.06.25"]
[SourceQuality "1"]

1. e4 e5 2. Nf3 d6 3. Nc3 Bd7 4. Bc4 Be7 5. d3 g5 6. h3 h5 7. Bd2 g4 8. hxg4 Bxg4 9. Qe2 h4 10. 0-0-0 Nc6 11. Kb1 Nd4 12. Qe3 f5 13. exf5 Nxf5 14. Qe4 Nf6 15. Qe2 Nd4 16. Qe3 Nf5 17. Qe2 Bxf3 18. Qxf3 Qd7 19. Ne4 c6 20. Qh3 Nh5 21. g4 hxg3 22. fxg3 Nfg7 23. Qxd7+ Kxd7 24. Bf7 Raf8 25. Bxh5 Nxh5 26. g4 Nf4 27. Rxh8 Rxh8 28. Bxf4 exf4 29. a3 Rg8 30. Rg1 Bh4 31. g5 Rg6 32. Kc1 Ke6 33. Kd1 b6 34. Rg4 Bg3 35. Nxg3 fxg3 36. Rxg3 Kf5 37. Kd2 Rxg5 38. Rxg5+ Kxg5 39. Ke3 Kf5 40. Kd4 Ke6 41. Kc3 Kd5 42. Kb4 a6 43. Kb3 c5 44. Kc3 b5 45. b4 c4 46. dxc4+ bxc4 47. Kd2 Ke4 48. Ke2 Kd4 49. Kd2 d5 50. c3+ Ke4 51. Ke2 d4 52. cxd4 Kxd4 53. Kd2 c3+ 54. Kc2 Kc4 55. Kc1 Kb3 56. Kb1 c2+ 57. Kc1 Kc3 58. a4 Kxb4 59. Kxc2 Kxa4 60. Kb2 Kb4 61. Ka2 a5 62. Ka1 Kb3 63. Kb1 Kc3 64. Ka2 a4 65. Ka3 1/2-1/2